00621cam a2200205 a 450000100060000000300080000600500170001400800410003102000170007203500190008904000320010804100080014008200280014810000230017624500890019926000430028830000240033150400260035565000340038116188BD-RjUL20211208235955.0140211s1982 mau b 000 0 eng d a0843608633 : a(BD-RjUL)16243 aDLCcDLCdDLCdBD-RjULbeng aeng00a658.31243219bMCS 19821 aMcLaughlin, Ian E.10aSuccessful sales training :bhow to build a program that works /cIan E. McLaughlin. aBoston, Mass. :bCBI Pub. Co.,cc1982. ax, 153 p. ;c25 cm. aBibliography: p. 153. 0aSales personnelxTraining of.